<?xml version="1.0" encoding="UTF-8"?><?xml-stylesheet type="text/xsl" href="static/style.xsl"?><OAI-PMH xmlns="http://www.openarchives.org/OAI/2.0/" xmlns:xsi="http://www.w3.org/2001/XMLSchema-instance" xsi:schemaLocation="http://www.openarchives.org/OAI/2.0/ http://www.openarchives.org/OAI/2.0/OAI-PMH.xsd"><responseDate>2026-04-13T14:19:37Z</responseDate><request verb="GetRecord" identifier="oai:www.recercat.cat:2117/423808" metadataPrefix="marc">https://recercat.cat/oai/request</request><GetRecord><record><header><identifier>oai:recercat.cat:2117/423808</identifier><datestamp>2026-02-07T01:05:41Z</datestamp><setSpec>com_2072_1033</setSpec><setSpec>col_2072_452949</setSpec></header><metadata><record xmlns="http://www.loc.gov/MARC21/slim" xmlns:dcterms="http://purl.org/dc/terms/" xmlns:xsi="http://www.w3.org/2001/XMLSchema-instance" xmlns:doc="http://www.lyncode.com/xoai" xsi:schemaLocation="http://www.loc.gov/MARC21/slim http://www.loc.gov/standards/marcxml/schema/MARC21slim.xsd">
   <leader>00925njm 22002777a 4500</leader>
   <datafield ind2=" " ind1=" " tag="042">
      <subfield code="a">dc</subfield>
   </datafield>
   <datafield ind2=" " ind1=" " tag="720">
      <subfield code="a">Manzanares Rebull, David</subfield>
      <subfield code="e">author</subfield>
   </datafield>
   <datafield ind2=" " ind1=" " tag="720">
      <subfield code="a">Farrerons Vidal, Óscar</subfield>
      <subfield code="e">author</subfield>
   </datafield>
   <datafield ind2=" " ind1=" " tag="260">
      <subfield code="c">2025-02</subfield>
   </datafield>
   <datafield ind2=" " ind1=" " tag="520">
      <subfield code="a">L'objecte d'aquest document és explicar el disseny íntegre d’un SAS passamaterials. Aquest objecte industrial comunament utilitzat en sales blanques és una resclosa que permet el pas de materials o productes entre diferents sales amb la possibilitat d'esterilització d'aquests, mantenint una temperatura i pressió constants. Aquest dispositiu se situa en les anomenades sales blanques, un àmbit de la indústria en auge a raó de les múltiples aplicacions que presenta. L'esterilització i control de l'ambient gràcies al disseny únic de la sala, admet molts serveis i resulta considerablement atractiu. Aquests aspectes fan palès, la necessitat d'estudi d'aquestes cabines d'aire i la investigació i implementació de millores. Així doncs, el cos del treball és el de dur a terme el disseny del SAS realitzant un estudi previ del desenvolupament del mecanisme conjuntament amb les bases físiques que constitueixen el seu funcionament, per una acurada concepció de l'objecte. Seguidament, es presenta l'optimització del disseny dut a terme a través de millores tècniques i estructurals, així com l'estudi de possibles modificacions per tal d'aconseguir-les. Finalment, es valora la viabilitat d'aquestes modificacions i millores per a la validació del disseny final i la seva posterior fabricació. Aquests aspectes del document es presenten i formalitzen coherents a l'enginyeria, permetent, arran d'aquest estudi, l'aplicació de conceptes intrínsecs</subfield>
   </datafield>
   <datafield tag="653" ind2=" " ind1=" ">
      <subfield code="a">Àrees temàtiques de la UPC::Informàtica::Aplicacions de la informàtica::Disseny assistit per ordinador</subfield>
   </datafield>
   <datafield tag="653" ind2=" " ind1=" ">
      <subfield code="a">Engineering design</subfield>
   </datafield>
   <datafield tag="653" ind2=" " ind1=" ">
      <subfield code="a">Enginyeria -- Disseny</subfield>
   </datafield>
   <datafield ind2="0" ind1="0" tag="245">
      <subfield code="a">Dissenyant una resclosa amb esterilització (un SAS passamaterials)</subfield>
   </datafield>
</record></metadata></record></GetRecord></OAI-PMH>